000 00394pab a2200133 454500
008 180718b2000 xxu||||| |||| 00| 0 eng d
100 _aTheisman, Geert R.
245 _aModels for research into decision making processes: on phases, streams and decision-making rounds
260 _c2000
300 _ap.937-56
650 _aDecision making
773 _aPublic Administration
909 _a47321
999 _c47321
_d47321